<?xml version="1.0" encoding="UTF-8"?>
<record
    xmlns:xsi="http://www.w3.org/2001/XMLSchema-instance"
    xsi:schemaLocation="http://www.loc.gov/MARC21/slim http://www.loc.gov/standards/marcxml/schema/MARC21slim.xsd"
    xmlns="http://www.loc.gov/MARC21/slim">

  <leader>00595nam a22001937a 4500</leader>
  <controlfield tag="005">20240930155553.0</controlfield>
  <controlfield tag="008">221214b           ||||| |||| 00| 0 eng d</controlfield>
  <datafield tag="040" ind1=" " ind2=" ">
    <subfield code="c">AL</subfield>
  </datafield>
  <datafield tag="041" ind1=" " ind2=" ">
    <subfield code="a">Hindi</subfield>
  </datafield>
  <datafield tag="082" ind1=" " ind2=" ">
    <subfield code="2">23</subfield>
    <subfield code="a">H891.4</subfield>
    <subfield code="b">LIMC</subfield>
  </datafield>
  <datafield tag="100" ind1=" " ind2=" ">
    <subfield code="a">Madhu Limaye </subfield>
    <subfield code="9">180914</subfield>
  </datafield>
  <datafield tag="100" ind1=" " ind2=" ">
    <subfield code="a"> &#x92E;&#x927;&#x941; &#x932;&#x93F;&#x92E;&#x92F;&#x947; </subfield>
    <subfield code="9">180915</subfield>
  </datafield>
  <datafield tag="245" ind1=" " ind2=" ">
    <subfield code="a">Chauramma Rajya</subfield>
    <subfield code="b"> &#x91A;&#x94C;&#x930;&#x935;&#x92E;&#x94D;&#x92E;&#x93E;  &#x930;&#x93E;&#x91C;&#x94D;&#x92F; </subfield>
  </datafield>
  <datafield tag="260" ind1=" " ind2=" ">
    <subfield code="a">Kolkata</subfield>
    <subfield code="b">Samatha Prakshan</subfield>
    <subfield code="c">1973</subfield>
  </datafield>
  <datafield tag="300" ind1=" " ind2=" ">
    <subfield code="a">26 p.</subfield>
    <subfield code="b">PB</subfield>
    <subfield code="c">22x13.7 cm.</subfield>
  </datafield>
  <datafield tag="650" ind1=" " ind2=" ">
    <subfield code="a">Hindi Prose</subfield>
    <subfield code="9">65970</subfield>
  </datafield>
  <datafield tag="700" ind1=" " ind2=" ">
    <subfield code="a">LIMAYE (Madhu)  &#x932;&#x93F;&#x92E;&#x92F;&#x947; ( &#x92E;&#x927;&#x941; )</subfield>
    <subfield code="9">65971</subfield>
  </datafield>
  <datafield tag="942" ind1=" " ind2=" ">
    <subfield code="2">ddc</subfield>
    <subfield code="c">GF</subfield>
  </datafield>
  <datafield tag="999" ind1=" " ind2=" ">
    <subfield code="c">225730</subfield>
    <subfield code="d">225730</subfield>
  </datafield>
  <datafield tag="952" ind1=" " ind2=" ">
    <subfield code="0">0</subfield>
    <subfield code="1">0</subfield>
    <subfield code="2">ddc</subfield>
    <subfield code="4">0</subfield>
    <subfield code="7">0</subfield>
    <subfield code="8">HIN</subfield>
    <subfield code="a">AL</subfield>
    <subfield code="b">AL</subfield>
    <subfield code="d">2013-03-23</subfield>
    <subfield code="l">0</subfield>
    <subfield code="o">H891.4 LIMC</subfield>
    <subfield code="p">GF02496</subfield>
    <subfield code="r">2022-12-14 00:00:00</subfield>
    <subfield code="w">2022-12-14</subfield>
    <subfield code="y">GF</subfield>
  </datafield>
</record>
